Country codes that are also Elements Quiz Stats

 Plays Quiz not verified by Sporcle

Score 0/64 Timer 20:00
0 Plays Today
Element Country or 'Root Zone' % Correct
FranciumFrance (Fr)
100%
IndiumIndia (In)
98.4%
CalciumCanada (Ca)
67.2%
NobeliumNorway (No)
53.1%
ArgonArgentina (Ar)
46.9%
AluminiumAlbania (Al)
43.8%
BerylliumBelgium (Be)
42.2%
RutheniumRussian Federation (Ru)
39.1%
GoldAustralia (Au)
37.5%
CobaltColombia (Co)
32.8%
BromineBrazil (Br)
32.8%
NickelNicaragua (Ni)
29.7%
ErbiumEritrea (Er)
28.1%
ThoriumThailand (Th)
25%
IridiumIran, Islamic Republic of (Ir)
25%
LanthanumLao People's Democratic Republic (La)
23.4%
LutetiumLuxembourg (Lu)
20.3%
GalliumGabon (Ga)
18.8%
AmericiumArmenia (Am)
18.8%
LithiumLiechtenstein (Li)
17.2%
SodiumNamibia (Na)
17.2%
EinsteiniumSpain (Es)
12.5%
EuropiumEuropean Union (Eu)
12.5%
BohriumBahrain (Bh)
12.5%
PlatinumPortugal (Pt)
12.5%
AstatineAustria (At)
12.5%
CopperCuba (Cu)
10.9%
SilverAntigua and Barbuda (Ag)
9.4%
SeleniumSweden (Se)
9.4%
GermaniumGeorgia (Ge)
7.8%
ProtactiniumPanama (Pa)
6.3%
TinSenegal (Sn)
6.3%
Element Country or 'Root Zone' % Correct
ChlorineChile (Cl)
6.3%
ManganeseMongolia (Mn)
6.3%
MendeleviumMoldova, Republic of (Md)
6.3%
LawrenciumLiberia (Lr)
4.7%
MagnesiumMadagascar (Mg)
4.7%
NeonNiger (Ne)
4.7%
SamariumSan Marino (Sm)
4.7%
NeptuniumNepal (Np)
4.7%
KryptonKorea, Republic of (Kr)
4.7%
BismuthBurundi (Bi)
3.1%
MeitneriumMalta (Mt)
3.1%
GadoliniumGrenada (Gd)
3.1%
ChromiumCosta Rica (Cr)
3.1%
CadmiumCongo, The Democratic Republic of the (Cd)
3.1%
ThuliumTurkmenistan (Tm)
1.6%
SeaborgiumSingapore (Sg)
1.6%
CuriumCameroon (Cm)
1.6%
PraseodymiumPuerto Rico (Pr)
1.6%
CaliforniumCentral African Republic (Cf)
1.6%
FermiumMicronesia, Federated States of (Fm)
1.6%
RheniumReunion (Re)
0%
StrontiumSuriname (Sr)
0%
ScandiumSeychelles (Sc)
0%
MolybdenumMacao (Mo)
0%
SiliconSlovenia (Si)
0%
BariumBosnia and Herzegovina (Ba)
0%
TechnetiumTurks and Caicos Islands (Tc)
0%
ThalliumTimor-Leste (Tl)
0%
ArsenicAmerican Samoa (As)
0%
ActiniumAscension Island (Ac)
0%
PromethiumSaint Pierre and Miquelon (Pm)
0%
AntimonySolomon Islands (Sb)
0%

You're not logged in!

Compare scores with friends on all Sporcle quizzes.
OR
Log In

Show Comments

Extras

Top Quizzes Today


Score Distribution

Your Account Isn't Verified!

In order to create a playlist on Sporcle, you need to verify the email address you used during registration. Go to your Sporcle Settings to finish the process.

Report this User

Report this user for behavior that violates our Community Guidelines.

Details: